000 00307nam a22001337a 4500
008 170728b xxu||||| |||| 00| 0 eng d
020 _a9780805353402
041 _aeng
080 _22ND
_a004
100 _a31
101 _aSHK
245 _aOBJECT-ORIENTED ANALYSIS AND DESIGN
_cBOOCH,G
942 _2udc
_cBK
999 _c22124
_d22124